Dumbed Down Disney Movie Titles 2 - Statistics

General Stats
  • This quiz has been taken 2,185 times
    2,176 since last reset
  • The average score is 11 of 18
Answer Stats
Real Title % Correct
BELLED Beauty and the Beast
94%
HUNCHED The Hunchback of Notre Dame
90%
COLONIZED Pocahontas
85%
STITCHED Lilo & Stitch
80%
BOLTED Bolt
77%
BEACHED The Little Mermaid
76%
CROAKED The Princess and The Frog
76%
MANED The Lion King
75%
LAMPED Aladdin
68%
SWUNG Tarzan
61%
CLUCKED Chicken Little
57%
GRIZZLED Brother Bear
53%
MANNED Mulan
53%
EXTINCT Dinosaur
49%
SUNKEN Atlantis: The Lost Empire
43%
RIPPED Hercules
38%
SPACED Treasure Planet
30%
UDDERED Home on the Range
28%
No matching quizzes found
Score Distribution
Percent of People with Each Score
Percentile by Number Answered
Your Score History
You have not taken this quiz since the last reset